000 00284nam a22001337a 4500
003 SGT
082 _a614.1
_bF15K
100 _aKARMAKAR, R.N.
245 _aFORENSIC MEDICINE AND TOXICOLOGY
260 _aINDIA
_bACADEMIC
_c2015
300 _a603
650 _aFMT
942 _2ddc
_cBK
_01
999 _c13162
_d13162